| 000 | 00920nam a2200325 a 4500 | ||
|---|---|---|---|
| 001 | 40238 | ||
| 003 | AR-BaAGN | ||
| 005 | 20231223062918.0 | ||
| 007 | ta | ||
| 008 | 220625s2002 ag |||||r|||| ||||||spa d | ||
| 020 | _a987-518-933-2 | ||
| 040 |
_dAR-BaAGN _aAR-BaAGN _bspa _eaacr |
||
| 100 | 1 | _aOrtíz, Frutos Enrique | |
| 245 | 1 | 0 |
_aHistoria de un pueblo : _bBrandsen y su gente : 1901-1982 |
| 250 | _a1ª ed. | ||
| 260 |
_aBuenos Aires : _bDunken, _c2002. |
||
| 300 |
_a415 páginas : _bil., fot. todas byn, retrs., planos |
||
| 336 |
_2rdacontent _btxt |
||
| 337 |
_2rdamedia _bn |
||
| 338 |
_2rdacarrier _bnc |
||
| 650 | 4 |
_aGENEALOGÍA _91370 |
|
| 650 | 4 |
_aPOBLACIÓN _91500 |
|
| 650 | 4 |
_aCOSTUMBRES Y TRADICIONES _92050 |
|
| 650 | 4 |
_aPOLÍTICA _92164 |
|
| 651 | 4 |
_aBrandsen (Buenos Aires [Provincia]) _93776 |
|
| 651 | 4 |
_aBuenos Aires _94086 |
|
| 942 | _cLIBRO | ||
| 999 |
_c40238 _d40238 |
||